Kỹ thuật gieo trồng và chế biến cây thuốc lá

Quyển sách giới thiệu kỹ thuật gieo trồng, chế biến và cách phòng trừ sâu bệnh hại cây thuốc lá

Gorde:
Xehetasun bibliografikoak
Formatua: Liburua
Hizkuntza:Undetermined
Argitaratua: Hà Nội Lao động 2006
Gaiak:
Etiketak: Etiketa erantsi
Etiketarik gabe, Izan zaitez lehena erregistro honi etiketa jartzen!
Thư viện lưu trữ: Trung tâm Học liệu Trường Đại học Cần Thơ
LEADER 00766nam a2200205Ia 4500
001 CTU_121102
008 210402s9999 xx 000 0 und d
020 |c 14000 
082 |a 633.71 
082 |b K500 
245 0 |a Kỹ thuật gieo trồng và chế biến cây thuốc lá 
245 0 |c Chu Thị Thơm, Phan Thị Lài, Nguyễn Văn Tó ( Biên soạn) 
260 |a Hà Nội 
260 |b Lao động 
260 |c 2006 
520 |a Quyển sách giới thiệu kỹ thuật gieo trồng, chế biến và cách phòng trừ sâu bệnh hại cây thuốc lá 
650 |a Alkaloidal crops,Tobaco 
650 |x Tobaco 
904 |i Năm 
980 |a Trung tâm Học liệu Trường Đại học Cần Thơ